| 000 | 00995nam a2200265 4500 | ||
|---|---|---|---|
| 999 |
_c13805 _d13805 |
||
| 003 | MIRAKIL | ||
| 005 | 20211214000618.0 | ||
| 008 | 200309b tu ||||| |||| 00| 0 tur d | ||
| 020 | _a9755061657 | ||
| 020 | _a9755061665 | ||
| 040 |
_aTR-AnCHP _cTR-AnCHP |
||
| 041 | _atur | ||
| 082 |
_a320.9561 _bK46d 1994 |
||
| 100 | _aKırca, A. Coşkun | ||
| 245 | 1 | 0 |
_aDevlet'te yozlaşmayı yenmek : _b(Türk siyasi sisteminin bozuklukları ve çareleri üzerine bir deneme) / _cA.Coşkun Kırca. |
| 246 | _aTürk siyasi sisteminin bozuklukları ve çareleri üzerine bir deneme | ||
| 260 |
_aİstanbul: _bMilliyet Yayınları, _c1994. |
||
| 300 |
_ac ''2.'' (471 s.) ; _c20 sm. |
||
| 650 | 0 |
_aSiyaset ve yönetim _xTürkiye _99 |
|
| 650 | 0 |
_95106 _asiyasi tarih _xTürkiye |
|
| 740 | _aTürk siyasi sisteminin bozuklukları ve çareleri üzerine bir deneme | ||
| 856 | _zDijital Nüshası için Partimizin Kütüphane Sorumlusu ile iletişime geçiniz. | ||
| 942 |
_2ddc _cBKS |
||
| 999 | _d13804 | ||